Slovenská literatúra a škola

Bibliographic Details
Main Author: Sulík, Ivan, 1943-2021 (Author)
Format: Article
Language:Slovak
PhysicalDescription:Fot. 1.
Subjects:

MARC

LEADER 00000nab a2200000 a 4500
001 vtls000352506
003 SK-MaSNL
005 20260303162306.0
008 230302c1989 xo 0 slo
015 |a SNBRB19rr/mm-uuuuu 
035 |a CL0352628 
035 |a urn:nbn:sk:snk-aban7q 
035 |a (urnnbn)urn:nbn:sk:snk:ar-007yyh 
035 |a (uuid)2a14e8e2-7074-4841-9062-e224e0416def 
040 |a SNKBUCL  |b slo  |c SNKBUCL  |e AACR2 
041 0 |a slo 
044 |a xo  |c SK 
080 |a 82:37  |2 1981 
080 |a 37  |2 1981 
100 1 |a Sulík, Ivan,  |d 1943-2021  |4 aut  |9 223328 
245 1 0 |a Slovenská literatúra a škola  |c Ivan Sulík 
300 |b Fot. 1. 
650 0 7 |a umelecká literatúra  |2 snkbucl  |9 1488 
650 0 7 |a recepcia umeleckého textu  |2 snkbucl  |9 514026 
655 7 |a články z novín a časopisov  |2 snkbucl  |9 267496 
655 7 |a články z odboru literárna veda a krásna literatúra  |2 snkbucl  |9 770045 
773 0 |t Literárny týždenník  |g Roč. 2, č. 21 (1989), s. 3 
850 |a Slovenská národná knižnica v Martine  |a MTA001 
852 |a SNK  |b KIS3GCP 
954 |a odborná, vedecká literatúra pôvodná (slovenská)  |2 lita 
958 |a RK 
958 |a LX 
958 |a OND 
958 |a EUIPO 
958 |a article14 
999 |c 2052995  |d 2054925